000 00295nam a22001337a 4500
008 181221b xxu||||| |||| 00| 0 eng d
020 _a9780802065780
041 _aeng
080 _a941
100 _a17
101 _aHIS
245 _aPeasant, Lord, and Merchant
_cGreer, A
942 _2udc
_cBK
999 _c53627
_d53627